Ageing and the family : (Record no. 1415)

MARC details
000 -LEADER
fixed length control field 01426cam a2200325 a 4500
001 - CONTROL NUMBER
control field 3498082
003 - CONTROL NUMBER IDENTIFIER
control field OSt
005 - DATE AND TIME OF LATEST TRANSACTION
control field 20230619160629.0
008 - FIXED-LENGTH DATA ELEMENTS--GENERAL INFORMATION
fixed length control field 940714s1994 nyua i100 0 eng d
010 ## - LIBRARY OF CONGRESS CONTROL NUMBER
LC control number 94205316
020 ## - INTERNATIONAL STANDARD BOOK NUMBER
International Standard Book Number 9211512611
035 ## - SYSTEM CONTROL NUMBER
System control number (OCoLC)30762568
040 ## - CATALOGING SOURCE
Original cataloging agency MdBJ-W
Transcribing agency MdBJ-W
Modifying agency OCoLC
-- DLC
042 ## - AUTHENTICATION CODE
Authentication code lccopycat
082 00 - DEWEY DECIMAL CLASSIFICATION NUMBER
Classification number 305.26
Item number UN
111 2# - MAIN ENTRY--MEETING NAME
Meeting name or jurisdiction name as entry element United Nations International Conference on Ageing Populations in the Context of the Family
Date of meeting (1990 :
Location of meeting Kitakyūshū, Japan)
245 10 - TITLE STATEMENT
Title Ageing and the family :
Remainder of title proceedings of the United Nations International Conference on Ageing Populations in the Context of the Family, Kitakyushu (Japan), 15-19 October 1990.
260 ## - PUBLICATION, DISTRIBUTION, ETC. (IMPRINT)
Place of publication, distribution, etc. New York :
Name of publisher, distributor, etc. United Nations,
Date of publication, distribution, etc. 1994.
300 ## - PHYSICAL DESCRIPTION
Extent xii, 238 p. :
Other physical details ill. ;
Dimensions 28 cm.
500 ## - GENERAL NOTE
General note At head of title: Department for Economic and Social Information and Policy Analysis.
500 ## - GENERAL NOTE
General note ST/ESA/SER.R/124.
500 ## - GENERAL NOTE
General note "United Nations publication sales No. E.94.XIII.4"--T.p. verso.
650 #0 - SUBJECT ADDED ENTRY--TOPICAL TERM
Topical term or geographic name as entry element Older people
General subdivision Social conditions
Form subdivision Congresses.
650 #0 - SUBJECT ADDED ENTRY--TOPICAL TERM
Topical term or geographic name as entry element Older people
General subdivision Family relationships
Form subdivision Congresses.
650 #0 - SUBJECT ADDED ENTRY--TOPICAL TERM
Topical term or geographic name as entry element Families
Form subdivision Congresses.
710 2# - ADDED ENTRY--CORPORATE NAME
Corporate name or jurisdiction name as entry element United Nations.
Subordinate unit Department for Economic and Social Information and Policy Analysis.
906 ## - LOCAL DATA ELEMENT F, LDF (RLIN)
a 7
b cbc
c copycat
d 2
e ncip
f 19
g y-gencatlg
942 ## - ADDED ENTRY ELEMENTS (KOHA)
Source of classification or shelving scheme Dewey Decimal Classification
Koha item type Books
Holdings
Withdrawn status Lost status Source of classification or shelving scheme Damaged status Not for loan Home library Current library Date acquired Total Checkouts Full call number Barcode Date last seen Price effective from Koha item type
    Dewey Decimal Classification     County Hall Archives County Hall Archives 06/19/2023   305.26 UN 10011507 06/19/2023 06/19/2023 Books
LIBRARY OPENING HOURS

When the Parliament is sitting: 8.00a.m - 7.00p.m or until the house adjourns
Mondays and Fridays and when the House is on Recess:  8.00a.m - 5.00p.m
Closed on Weekends and Public Holidays

Online Public Access Catalog (OPAC)
Website: http://www.parliament.go.ke
Bunge Library: https://libraryir.parliament.go.ke
Contact: library@parliament.go.ke | Tel no: (254-2)2221291 or 2848000 Ext 5043